Olivia Rodrigo song lyrics - No hints ! @16 - Statistics

General Stats
  • This quiz has been taken 135 times
    134 since last reset
  • The average score is 247 of 426
Answer Stats
Answer % Correct
I
100%
a
94%
you ?
94%
you
94%
me
83%
love
81%
Love
81%
be
80%
So
80%
so
80%
to
76%
my
74%
the
74%
is
71%
and
70%
And
70%
for
70%
your
70%
it
69%
It
69%
when
69%
When
69%
good
66%
I'm
65%
in
64%
all
63%
that
63%
of
62%
know
61%
no
60%
then
57%
Then
57%
got
55%
happy
55%
why
54%
but
53%
But
53%
it's
53%
It's
53%
what
53%
can't
52%
'Cause
52%
guitar
52%
scared
52%
ever
51%
I'll
51%
Oh
51%
too
51%
If
49%
if
49%
as
48%
As
48%
have
47%
heart
47%
just
47%
like
47%
there
47%
think
47%
time
47%
was
47%
way
47%
right
46%
right ?
46%
tell
46%
could
45%
how
45%
I've
45%
never
45%
not
45%
say
45%
Say
45%
they
45%
Yeah
45%
find
43%
myself
43%
through
43%
well
43%
we'll
43%
done
42%
lie
42%
same
42%
something
42%
else
40%
play
40%
shape
40%
cure
39%
cuts
39%
enough
39%
hard
39%
knows
39%
let
39%
Maybe
39%
pretend
39%
thought
39%
Easy
38%
fine
38%
gut
38%
I'd
38%
lay
38%
Perfect
38%
already
37%
arms
37%
Distract
37%
next
37%
sleep
37%
better
36%
confused ?
36%
excuse
36%
felt
35%
light
35%
mind
35%
pit
35%
someone
35%
always
34%
keep
34%
make
34%
Once
34%
sure
34%
thinking
34%
anything
33%
Barely
33%
them
33%
alright
31%
away
31%
fade
31%
overwhelmed
31%
that's
31%
what's
31%
friends
30%
stay
30%
they're
30%
watch
30%
claim
29%
creeps
29%
doubt
29%
together
29%
trade
28%
half
27%
nerve
27%
rather
27%
stop
27%
truth
27%
brave
26%
decent
26%
even
26%
excuses
26%
noble
26%
tied
26%
wrong
25%
along
24%
stringing
24%
No matching quizzes found
Score Distribution
Percent of People with Each Score
Percentile by Number Answered
Your Score History
You have not taken this quiz since the last reset